Loco Logos Quiz Stats

 Plays Quiz Updated May 16, 2018

Also try: Corporate Logos
Challenge
Share
Tweet
Score 0/10 Timer 03:00
9 Plays Today
% Correct
Correct!
89.6%
Correct!
84.1%
Correct!
80.9%
Correct!
71.1%
Correct!
60.6%
Correct!
55.6%
Correct!
55.4%
Correct!
55.1%
Correct!
49.4%
Correct!
48%

You're not logged in!

Compare scores with friends on all Sporcle quizzes.
Join for Free
OR
Log In

You Might Also Like...

Show Comments

Extras

Top Quizzes Today


Score Distribution

Your Account Isn't Verified!

In order to create a playlist on Sporcle, you need to verify the email address you used during registration. Go to your Sporcle Settings to finish the process.

Report this User

Report this user for behavior that violates our Community Guidelines.

Details: